书目信息 |
| 题名: |
太谷核不育小麦
|
|
| 作者: | 邓景扬 主编 | |
| 分册: | ||
| 出版信息: | 北京 科学出版社 1987 |
|
| 页数: | 119页 | |
| 开本: | 26cm | |
| 丛书名: | ||
| 单 册: | ||
| 中图分类: | S512 , S512.01 | |
| 科图分类: | ||
| 主题词: | 小麦-雄性不育-突变型 , 雄性不育-小麦-突变型 , 突变型-小麦-雄性不育 , 禾谷类作物 | |
| 电子资源: | ||
| ISBN: | ||
| 000 | 00733nam0 2200277 45 | |
| 001 | 0187015304 | |
| 005 | 20040907163845.3 | |
| 010 | @dCNY3.30 | |
| 100 | @a19960128d1987 em y0chiy0121 ea | |
| 101 | 0 | @achi |
| 102 | @aCN@b110000 | |
| 105 | @ay z 000yy | |
| 106 | @ar | |
| 200 | 10 | @a太谷核不育小麦@Atai gu he bu yu xiao mai@f邓景扬主编 |
| 210 | @a北京@c科学出版社@d1987 | |
| 215 | @a119页@d26cm | |
| 606 | @a小麦-雄性不育-突变型 | |
| 606 | @a雄性不育-小麦-突变型 | |
| 606 | @a突变型-小麦-雄性不育 | |
| 606 | 0 | @a禾谷类作物 |
| 690 | @aS512@v3 | |
| 690 | @aS512.01@v3 | |
| 701 | 0 | @a邓景扬@4主编@Adeng jing yang |
| 801 | 0 | @aCN@b深圳图书馆@c20040521 |
| 801 | 2 | @aCN@bNLC@c20040521 |
| 905 | @dS512.01@e4@f1@b206945 | |
| 太谷核不育小麦/邓景扬主编.-北京:科学出版社,1987 |
| 119页;26cm |
| ISBN :CNY3.30 |
| ● |
| 相关链接 |
|
|
|
|
正题名:太谷核不育小麦
索取号:S512.01/4
 
预约/预借
| 序号 | 登录号 | 条形码 | 馆藏地/架位号 | 状态 | 备注 |
| 1 | 0206945 | 001948968 | 第三借阅区/ [索取号:S512.01/4] | 在馆 | |
| 2 | 0206946 | 000717763 | 第三借阅区/ [索取号:S512.01/4] | 在馆 | |
| 3 | 0206947 | 000717754 | 第二样本阅览室/ [索取号:S512.01/4] | 在馆 |